5HLuxD.jpg

KING HENRY VIII SENIOR AND PRIMARY SCHOOL LIBRARY OPAC

UNDER THE SEA (Record no. 4968)

000 -LEADER
fixed length control field 00325nam a22001217a 4500
008 - FIXED-LENGTH DATA ELEMENTS--GENERAL INFORMATION
fixed length control field 250428b ||||| |||| 00| 0 eng d
020 ## - INTERNATIONAL STANDARD BOOK NUMBER
International Standard Book Number 9781499806953
082 ## - DEWEY DECIMAL CLASSIFICATION NUMBER
Classification number 591.77 BEE
100 ## - MAIN ENTRY--PERSONAL NAME
Personal name LITTLE BEE
Relator term PUBLISHER
245 ## - TITLE STATEMENT
Title UNDER THE SEA
260 ## - PUBLICATION, DISTRIBUTION, ETC.
Place of publication, distribution, etc. 251 PARK AVENUE SOUTH,NEW YORK,NY 10010
Name of publisher, distributor, etc. LITTLE BEE
Date of publication, distribution, etc. 2018
942 ## - ADDED ENTRY ELEMENTS (KOHA)
Source of classification or shelving scheme
Holdings
Withdrawn status Lost status Source of classification or shelving scheme Damaged status Not for loan Collection code Permanent Location Current Location Shelving location Date acquired Total Checkouts Full call number Barcode Date last seen Date last checked out Price effective from Koha item type Public note
          Fiction KH8 Primary School Library KH8 Primary School Library Fiction 2025-04-28 14 591.77 BEE KHPL000006920 2026-04-09 2026-03-04 2025-04-28 Books - Fiction KH8 PRIMARY LIBRARY

Powered By KH8 IT Dept